000 00831nam a2200241 a 4500
001 000027161
003 OSt
005 20240409073641.0
008 110330t1958 dr c 000 0bspa d
040 _aDO-SdBNP
_bspa
_cBNPHU
049 _aBNPD
082 4 _a923.17293053
_bT866v
_222
100 1 _aVerges, Pedro,
_d1945-
_912149
245 1 0 _aTrujillo :
_bprócer anticomunista /
_cPedro L. Vergés Vidal.
260 _aCiudad Trujillo, República Dominicana :
_bDel Caribe,
_c1958.
300 _a148 p. :
_bretr. ;
_c24 cm.
500 _aIncluye índice de nombres y títulos.
504 _aIncluye bibliografía y notas al pie de páginas.
600 1 0 _aTrujillo Molina, Rafael Leónidas,
_d 1891-1961
_976764
650 4 _aMovimientos anticomunistas
_954053
910 _aValidado. Control de calidad EMS.
942 _2ddc
_cLBS1
999 _c26653
_d26653